Porte-bonheurs et porte-malheurs - Statistiques

Statistiques générales
  • Ce quiz a été pris 37 fois
  • Le résultat moyen est 25 sur 100
Statistiques - réponses
Hint Indice Réponse % Correct
Porte-bonheur Chiffre 7
86%
Porte-bonheur Nombre qui porte bonheur 13
75%
Porte-bonheur "chaussure" d'équidé {Fer à cheval}
75%
Porte-malheur En mémoire de la Cène Le nombre {13}
75%
Porte-malheur Porte malheur Croiser un {chat} noir
72%
Porte-bonheur Chasse les mauvais esprits Jeter du sel par dessus son {épaule}
69%
Porte-bonheur Dans certaines fontaines ou certains puits {Jeter} une pièce en faisant un voeu
67%
Porte-malheur En Asie symbolise une perte d'argent Le nombre {4}
67%
Porte-bonheur En Asie, symbolise la chance Le nombre {8}
67%
Porte-malheur Amène la malchance Parapluie {ouvert} à l'intérieur
67%
Porte-bonheur végétal rare {Trèfle} à quatre feuilles
67%
Porte-bonheur Couleur Vert
64%
Porte-malheur Couleur que portait Molière le jour de sa mort Vert
64%
Porte-malheur Autrefois on distinguait ainsi celui du bourreau Poser le pain à l'{envers}
61%
Porte-malheur Rompt l'harmonie du triangle Passer sous une {échelle}
58%
Porte-malheur Mauvais choix du matin qui porte malheur Se lever du pied {gauche}
58%
Porte-bonheur Multicolore dans le ciel Arc-en-Ciel
56%
Porte-bonheur végétal de mai Muguet
56%
Porte-malheur Souvenir de l'époque où il était cher Renverser du {sel}
56%
Porte-bonheur partie d'un rongeur {Patte} de lapin
53%
Porte-malheur Parce qu'il ronge les cordages Parler de {lapin} sur un bateau
50%
Porte-malheur Cela fait l'effet contraire Souhaiter {Bonne} {chance}
50%
Porte-malheur Chasse la chance Utiliser un ancien balais dans une {nouvelle} maison
50%
Porte-bonheur Passe dans le ciel Voir une {étoile} {filante} et faire un voeu
47%
Porte-bonheur Oiseau de nuit Chouette
44%
Porte-bonheur Fruit du chêne Gland
44%
Porte-malheur Ne reflète plus Miroir {brisé}
44%
Porte-malheur Porte-malheur contrairement à celle d'un homme La bosse d'une {femme}
42%
Porte-bonheur Décoré Oeuf de {Pâques}
42%
Porte-malheur L'oeil qui s'y trouve représente celui du diable Plumes de {paon}
39%
Porte-malheur En souvenir de l'arrestation des Templiers Le {vendredi} 13
36%
Porte-bonheur Leur nombre amène le bonheur Une échelle à 13 {barreaux}
36%
Porte-bonheur Rapace Aigle
33%
Porte-bonheur Chrétien Sceau de l'archange St {Michel}
33%
Porte-bonheur Insecte en Egypte Scarabée
31%
Porte-malheur Symbolise la mort Horloge {cassée}
28%
Porte-malheur Eloigne la chance Passer le balai la {nuit}
28%
Porte-malheur Mauvais choix de couleur Porte d'entrée {noire}
28%
Porte-bonheur Reptile Tortue
28%
Porte-bonheur A l'envers Croix de St {Pierre}
25%
Porte-bonheur Protège la grange Croix en {blé}
25%
Porte-bonheur Oiseau alsacien Cigogne
22%
Porte-bonheur Ouvre le cadenas Clef
22%
Porte-bonheur Reptile de la maison depuis le néolithique Le {lézard}
22%
Porte-malheur Symbolise la rupture Offrir un {Couteau}
22%
Porte-bonheur Servent à jouer Dés
19%
Porte-malheur Absorbent l'énergie {Fleurs} en plastique
19%
Porte-malheur Symbolisent la mort du propriétaire Chaussures sur une {table}
17%
Porte-bonheur Dent Molaire
17%
Porte-malheur Offrir ces fleurs à une actrice Oeillets
17%
Porte-bonheur Roi de la Bible Sceau de {Salomon}
17%
Porte-bonheur Objet amérindien Attrape-rêve
14%
Porte-bonheur animal Coccinelle à {sept} points
14%
Porte-bonheur Oeil égyptien Oeil d'{Horus}
14%
Porte-malheur Coupent l'amitié Offrir des {Ciseaux}
14%
Porte-malheur Reflète les mauvais esprits Offrir un {miroir}
14%
Porte-bonheur Comme dans un célèbre film Toucher la {bosse} d'un homme
11%
Porte-malheur Réduit le temps de vie {Calendrier} dépassé
8%
Porte-malheur La porter par jeu condamne au célibat La {robe} {de} {mariée}
8%
Porte-bonheur Chat japonais Maneki Neko
8%
Porte-bonheur Chrétienne Médaille de St {Benoît}
8%
Porte-malheur Symbolise la solitude Offrir un {livre}
8%
Porte-bonheur Symboles grecs {Alpha} & {Omega}
6%
Porte-bonheur Asiatique {Bouddha} rieur
6%
Porte-bonheur Ressemble à un collier Chapelet
6%
Porte-bonheur D'Egypte Croix {Ankh}
6%
Porte-bonheur Lauburu Croix {basque}
6%
Porte-bonheur En Thaïlande Eléphant
6%
Porte-malheur Comme pendant une veillée mortuaire Poser un {chapeau} sur un lit
6%
Porte-bonheur Symbole breton Triskell
6%
Porte-bonheur Bébé animal Agneau
3%
Porte-bonheur Animal en Allemagne Cochon
3%
Porte-bonheur IC XC Croix de St {Nicolas}
3%
Porte-bonheur Orthodoxe Croix {russe}
3%
Porte-malheur On ne doit pas prononcer son nom dans un théâtre La pièce {Macbeth}
3%
Porte-malheur En Bolivie, elle provoque les conflits entre époux La {poêle}
3%
Porte-malheur Amène la malchance Offrir un {parapluie}
3%
Porte-malheur Annonce des pleurs Recevoir des {mouchoirs} en cadeau
3%
Porte-malheur Invite le diable à se balancer Rocking-chair
3%
Porte-malheur Attire les sifflets du public dans un théâtre Siffler
3%
Porte-bonheur Boussole viking Vegvisir
3%
Porte-malheur Symbolise les mauvaises relations Assiette {ébréchées}
0%
Porte-bonheur Equidé suédois Cheval de Dalécarlie
0%
Porte-bonheur Cor italien Cornicello
0%
Porte-bonheur Egalitaire Croix {grecque}
0%
Porte-bonheur Du sud Croix {occitane}
0%
Porte-bonheur Sorte de bambou Dracaena
0%
Porte-bonheur En Pologne Ecailles de {carpe}
0%
Porte-bonheur Main Khamsa
0%
Porte-bonheur Depuis 1832 Médaille {miraculeuse}
0%
Porte-bonheur Petites poupées {Nénette} & {Rintintin}
0%
Porte-bonheur Pierre au nom sauvage Oeil de tigre
0%
Porte-malheur Représente la séparation Offrir un cadre avec une {photographie}
0%
Porte-bonheur Figure géométrique Pentagramme
0%
Porte-bonheur Monnaie Pièce (trouvée par hasard)
0%
Porte-malheur Provoque les disputes Plante à {épines}
0%
Porte-malheur Absorbent l'énergie Plantes {sèches}
0%
Porte-bonheur Philosophe chinois Sceau de {Lao Tseu}
0%
Porte-bonheur Conjure le mauvais sort Toucher du bois
0%
Porte-bonheur Pierre noire Tourmaline
0%
Aucun quiz correspondant
Distribution des résultats
% des personnes avec chaque résultat
Percentile par nombre de réponses
Votre historique - résultats
Vous n’avez pas pris ce quiz